000 00894cam a2200289 i 4500
001 25030
003 Mx-PuUPA
005 20241015155046.0
008 140415s2017 mx gr 000 0 spa d
020 _a9786079391782
040 _aMx-PuUPA
_bspa
_cMx-PuUPA
_dMx-PuUPA
_erda
041 _aspa
100 1 _a
245 1 0 _aManual de los derechos de la víctima :
_ben el nuevo sistema penal acusatorio al amparo de los derechos humanos
250 _aPrimera edición
264 1 _aCiudad de México :
_bGallardo Ediciones,
_c2017
300 _a428 páginas ;
_c23 cm
336 _2rdacontent
_atexto
_btxt
337 _2rdamedia
_asin medio
_bn
338 _2rdacarrier
_avolumen
_bnc
502 _a
650 7 _a
_x
_2armarc
942 _2ddc
_cLI
_hxx
_ixx
_n
999 _c25030
_d25030